ბათუმის შოთა რუსთაველის სახელმწიფო უნივერსიტეტის ბიბლიოთეკა

Коституционное право зарубужных стран / (ბიბ.ჩანაწერი № 36027)

000 -LEADER
fixed length control field 00906nam a2200241Ia 4500
001 - CONTROL NUMBER
control field 1926
003 - CONTROL NUMBER IDENTIFIER
control field GE_BSU
005 - DATE AND TIME OF LATEST TRANSACTION
control field 20221011153611.0
008 - FIXED-LENGTH DATA ELEMENTS--GENERAL INFORMATION
fixed length control field 181216s2007ru xx |||||||||||||| ||rus||
020 ## - INTERNATIONAL STANDARD BOOK NUMBER
International Standard Book Number 9785469011248
040 ## - CATALOGING SOURCE
Transcribing agency GE_BSU
041 ## - LANGUAGE CODE
Language code of text/sound track or separate title rus
080 ## - UNIVERSAL DECIMAL CLASSIFICATION NUMBER
Universal Decimal Classification number 342(075.8(1-87) Г-83
100 ## - MAIN ENTRY--PERSONAL NAME
Personal name Григонис,Э.П.
9 (RLIN) 15241
245 ## - TITLE STATEMENT
Title Коституционное право зарубужных стран /
Statement of responsibility, etc. Э.П. Григонис, В.П. Григонис.
264 ## - PRODUCTION, PUBLICATION, DISTRIBUTION, MANUFACTURE, AND COPYRIGHT NOTICE
Place of production, publication, distribution, manufacture Москва :
Name of producer, publisher, distributor, manufacturer СПБ Питер,
Date of production, publication, distribution, manufacture, or copyright notice 2007.
300 ## - PHYSICAL DESCRIPTION
Extent 208 с.
440 ## - SERIES STATEMENT/ADDED ENTRY--TITLE
Title Серия ,,Краткий курс
9 (RLIN) 15242
653 ## - INDEX TERM--UNCONTROLLED
keyword Коституционное право зарубужных стран.
653 ## - INDEX TERM--UNCONTROLLED
keyword უცხო ქვეყნების კონსტიტუციური სამართალი
700 ## - ADDED ENTRY--PERSONAL NAME
Personal name Григонис, В.П.
9 (RLIN) 15243
942 ## - ADDED ENTRY ELEMENTS (KOHA)
Koha item type წიგნი
Source of classification or shelving scheme
ეგზემპლარები
Withdrawn status Lost status Source of classification or shelving scheme Damaged status Not for loan Permanent Location Current Location Shelving location Date acquired Cost, normal purchase price Full call number Barcode Date last seen Copy number Price effective from Koha item type Public note
          ბათუმის შოთა რუსთაველის სახელმწიფო უნივერსიტეტის მთავარი ბიბლიოთეკა ბათუმის შოთა რუსთაველის სახელმწიფო უნივერსიტეტის მთავარი ბიბლიოთეკა წიგნსაცავი 2018-12-17 7.00 342(075.8(1-87) Г-83 3947 2018-12-17 3947 2018-12-17 წიგნი 7.00